000 00399nam a2200133Ia 4500
003 GCL
008 140319s9999 xx 000 0 ara d
040 _aGCL /
_cGCL
082 0 4 _a411.5
_bم ب
100 1 _aمصطفى التونى
245 1 0 _aالبنية والنظام فى اللغة /
_cمصطفى التونى
300 _a39 ص
490 _aالهيئة العامة للاستعلامات
_v0
999 _c47591
_d47591